<?xml version="1.0" encoding="UTF-8"?>
<record
    xmlns:xsi="http://www.w3.org/2001/XMLSchema-instance"
    xsi:schemaLocation="http://www.loc.gov/MARC21/slim http://www.loc.gov/standards/marcxml/schema/MARC21slim.xsd"
    xmlns="http://www.loc.gov/MARC21/slim">

  <leader>01615nam a22003617i 4500</leader>
  <datafield tag="999" ind1=" " ind2=" ">
    <subfield code="c">174425</subfield>
    <subfield code="d">174425</subfield>
  </datafield>
  <controlfield tag="003">PPAK</controlfield>
  <controlfield tag="005">20190925163733.0</controlfield>
  <controlfield tag="008">190922s2017    my  |||e d||| 00| 0 may d</controlfield>
  <datafield tag="020" ind1=" " ind2=" ">
    <subfield code="a">9789830110752</subfield>
    <subfield code="c">RM 28.00</subfield>
    <subfield code="q">paperback</subfield>
  </datafield>
  <datafield tag="040" ind1=" " ind2=" ">
    <subfield code="a">PPAK</subfield>
    <subfield code="b">eng</subfield>
    <subfield code="c">PPAK</subfield>
    <subfield code="e">rda</subfield>
  </datafield>
  <datafield tag="082" ind1="0" ind2="4">
    <subfield code="2">23</subfield>
    <subfield code="a">413.951</subfield>
  </datafield>
  <datafield tag="090" ind1="0" ind2="0">
    <subfield code="a">413.951</subfield>
    <subfield code="b">KAM</subfield>
    <subfield code="d">R</subfield>
  </datafield>
  <datafield tag="245" ind1="0" ind2="0">
    <subfield code="6">880-01</subfield>
    <subfield code="a">KAMUS KOMPREHENSIF BAHASA CINA = Untuk Mereka Yang Bahasa Ibundanya Bukan Bahasa Cina</subfield>
    <subfield code="b">CHINESE COMPREHENSIVE DICTIONARY : For Those Whose Mother Tongue Are Not Chinese /</subfield>
    <subfield code="c">Tan Teow Ghee, Ho Wee Chee, Hoe Foo Terng, Goh Ch'ng Hock, Ti Heong Poy</subfield>
  </datafield>
  <datafield tag="246" ind1="3" ind2="1">
    <subfield code="a">Kamus komprehensif Bahasa Cina :</subfield>
    <subfield code="b">untuk mereka yang bahasa ibundanya bukan Bahasa Cina</subfield>
  </datafield>
  <datafield tag="246" ind1="3" ind2="1">
    <subfield code="a">Chinese comprehensive dictionary :</subfield>
    <subfield code="b">for those whose mother tongue are not Chinese /</subfield>
  </datafield>
  <datafield tag="264" ind1=" " ind2="1">
    <subfield code="6">880-02</subfield>
    <subfield code="a">Seri Kembangan, Selangor:</subfield>
    <subfield code="b">UNITED PUBLISHING HOUSE (M) SDN. BHD.,</subfield>
    <subfield code="c">2017</subfield>
  </datafield>
  <datafield tag="300" ind1=" " ind2=" ">
    <subfield code="a">viii, 644 pages;</subfield>
    <subfield code="c">21 cm</subfield>
  </datafield>
  <datafield tag="336" ind1=" " ind2=" ">
    <subfield code="2">rdacontent</subfield>
    <subfield code="a">text</subfield>
  </datafield>
  <datafield tag="337" ind1=" " ind2=" ">
    <subfield code="2">rdamedia</subfield>
    <subfield code="a">unmediated</subfield>
  </datafield>
  <datafield tag="338" ind1=" " ind2=" ">
    <subfield code="2">rdacarrier</subfield>
    <subfield code="a">volume</subfield>
  </datafield>
  <datafield tag="546" ind1=" " ind2=" ">
    <subfield code="a">Parallel English, Chinese and Malay text</subfield>
  </datafield>
  <datafield tag="650" ind1="1" ind2="0">
    <subfield code="a">Chinese language</subfield>
    <subfield code="v">Dictionaries</subfield>
    <subfield code="x">Polyglot</subfield>
  </datafield>
  <datafield tag="650" ind1="2" ind2="0">
    <subfield code="a">Malay language</subfield>
    <subfield code="v">Dictionaries</subfield>
    <subfield code="x">Polyglot</subfield>
  </datafield>
  <datafield tag="650" ind1="2" ind2="0">
    <subfield code="a">English language</subfield>
    <subfield code="v">Dictionaries</subfield>
    <subfield code="x">Polyglot</subfield>
  </datafield>
  <datafield tag="700" ind1="3" ind2=" ">
    <subfield code="a">Tan, Teow Ghee</subfield>
    <subfield code="e">compiler</subfield>
  </datafield>
  <datafield tag="700" ind1="3" ind2=" ">
    <subfield code="a">Ho, Wee Chee,</subfield>
    <subfield code="e">compiler.</subfield>
  </datafield>
  <datafield tag="700" ind1="3" ind2=" ">
    <subfield code="a">Hoe, Foo Terng,</subfield>
    <subfield code="e">compiler.</subfield>
  </datafield>
  <datafield tag="700" ind1="3" ind2=" ">
    <subfield code="a">Goh, Ch'ng Hock,</subfield>
    <subfield code="e">compiler.</subfield>
  </datafield>
  <datafield tag="700" ind1="3" ind2=" ">
    <subfield code="a">Ti, Heong Poy,</subfield>
    <subfield code="e">compiler.</subfield>
  </datafield>
  <datafield tag="880" ind1="0" ind2="0">
    <subfield code="6">245-01</subfield>
    <subfield code="a">&#x7B80;&#x6613;&#x6C49;&#x8BED;&#x5B66;&#x4E60;&#x8BCD;&#x5178; :</subfield>
    <subfield code="b">&#x6BCD;&#x8BED;&#x4E3A;&#x975E;&#x6C49;&#x8BED;&#x8005;&#x9002;&#x7528; /</subfield>
  </datafield>
  <datafield tag="880" ind1=" " ind2="1">
    <subfield code="6">264-02</subfield>
    <subfield code="a">&#x8054;&#x8425;&#x51FA;&#x7248;&#xFF08;&#x9A6C;&#xFF09;&#x6709;&#x9650;&#x516C;&#x53F8;</subfield>
  </datafield>
  <datafield tag="942" ind1=" " ind2=" ">
    <subfield code="2">ddc</subfield>
    <subfield code="c">B</subfield>
  </datafield>
  <datafield tag="952" ind1=" " ind2=" ">
    <subfield code="0">0</subfield>
    <subfield code="7">1</subfield>
    <subfield code="b">PPAK</subfield>
    <subfield code="c">R</subfield>
    <subfield code="d">2019-10-28</subfield>
    <subfield code="o">R 413.951 KAM</subfield>
    <subfield code="p">A01617420</subfield>
    <subfield code="r">2019-10-28 00:00:00</subfield>
    <subfield code="y">B</subfield>
  </datafield>
  <datafield tag="952" ind1=" " ind2=" ">
    <subfield code="0">0</subfield>
    <subfield code="7">1</subfield>
    <subfield code="b">SP</subfield>
    <subfield code="c">R</subfield>
    <subfield code="d">2019-10-28</subfield>
    <subfield code="o">R 413.951 KAM</subfield>
    <subfield code="p">A01617421</subfield>
    <subfield code="r">2019-10-28 00:00:00</subfield>
    <subfield code="y">B</subfield>
  </datafield>
</record>
